Publication of the Egyptian Monuments in the Museum of Leyden (Third Instalment)

Saved in:  
Bibliographic Details
Main Author: Breasted, James Henry (Author)
Format: Electronic Review
Language:English
Check availability: HBZ Gateway
Interlibrary Loan:Interlibrary Loan for the Fachinformationsdienste (Specialized Information Services in Germany)
Published: 1911
In: The American journal of Semitic languages and literatures
Year: 1911, Volume: 27, Issue: 4, Pages: 346-347
Further subjects:B Book review
Online Access: Volltext (lizenzpflichtig)

MARC

LEADER 00000naa a22000002c 4500
001 1967410763
003 DE-627
005 20260327073823.0
007 cr uuu---uuuuu
008 260327s1911 xx |||||oo 00| ||eng c
024 7 |a 10.1086/369677  |2 doi 
035 |a (DE-627)1967410763 
035 |a (DE-599)KXP1967410763 
040 |a DE-627  |b ger  |c DE-627  |e rda 
041 |a eng 
084 |a 1  |2 ssgn 
100 1 |a Breasted, James Henry  |e VerfasserIn  |4 aut 
245 1 0 |a Publication of the Egyptian Monuments in the Museum of Leyden (Third Instalment) 
264 1 |c 1911 
336 |a Text  |b txt  |2 rdacontent 
337 |a Computermedien  |b c  |2 rdamedia 
338 |a Online-Ressource  |b cr  |2 rdacarrier 
655 7 |a Rezension  |0 (DE-588)4049712-4  |0 (DE-627)106186019  |0 (DE-576)209083166  |2 gnd-content 
773 0 8 |i Enthalten in  |t The American journal of Semitic languages and literatures  |d Chicago, Ill. : [Verlag nicht ermittelbar], 1895  |g 27(1911), 4, Seite 346-347  |h Online-Ressource  |w (DE-627)359574211  |w (DE-600)2097582-X  |w (DE-576)103116540  |7 nnas 
773 1 8 |g volume:27  |g year:1911  |g number:4  |g pages:346-347 
856 4 0 |u https://doi.org/10.1086/369677  |x Resolving-System  |z lizenzpflichtig  |3 Volltext  |7 1 
912 |a NOMM 
935 |a mteo 
951 |a AR 
ELC |a 1 
ITA |a 1  |t 1 
LOK |0 000 xxxxxcx a22 zn 4500 
LOK |0 001 4943538452 
LOK |0 003 DE-627 
LOK |0 004 1967410763 
LOK |0 005 20260327055710 
LOK |0 008 260327||||||||||||||||ger||||||| 
LOK |0 035   |a (DE-Tue135)IxTheo#2025-10-22#5F320DC8CF68254D1456EBBA7FB8F28F17680145 
LOK |0 040   |a DE-Tue135  |c DE-627  |d DE-Tue135 
LOK |0 092   |o n 
LOK |0 852   |a DE-Tue135 
LOK |0 852 1  |9 00 
LOK |0 935   |a ixrk  |a ixzs  |a zota 
LOK |0 939   |a 2026-03-27  |b l01 
ORI |a TA-MARC-ixtheoa001.raw